000 01826nam a2200361 i 4500
003 DO-SdBNP
005 20250607073644.0
006 a||||fr|||| 00| 0
007 ta
008 230612e2022 |||ad||frf||| 00| 0 spa d
020 _a9789945621709 :
020 _a9789945621716 (electrónico)
040 _aDO-SdBNP
_bspa
_cBNPHU
_erda
082 4 _222
_bM294e
245 0 0 _aManual de evaluación para la calidad y humanización en la atención a personas con tuberculosis. /
_cPresentación, Daniel Rivera; Yocastia de Jesús Arambole... [y otros.]
264 1 _aSanto Domingo :
_bEl Fondo Mundial,
_c2022
300 _a68 páginas :
_bIlustraciones, gráficas ;
_c27 cm.
336 _2rdaconten
_atexto
_btxt
337 _2rdamedia
_asin medición
_bn
338 _2rdacarrier
_avoluemen
_bnc
500 _aIncluye siglas y acrónimos
504 _aBibliografía: páginas 67 - 68
505 _aSiglas y Acrónimos.-- Presentación.-- resolución ministerial No. 0019 - 2022
_gParte 1 Marco General.
_tIntroducción.--
_gParte 2 Modelo.
_tEstructura del modelo de certificación.-- Roles y responsabilidad.
_gParte 3 Evaluación
_tProceso metodológico para preparar la evaluación externa.-- Selección y capacitación de los evaluadores externos.-- Pautas para la elaboración del informe de visita.--
_tBibliografía.
590 _aInventariado 2023 / MF
700 2 _950394
_aRivera, Daniel,
_d1958-
_epresentación
700 2 _aJesús Arambole, Yocastia, de,
_983809
700 1 _aElías Melgen, Ricardo Alberto
_983531
700 1 _aCamilo de Amarante, Elsa
_983532
700 1 _aEncarnación Casanova, Melanea
_983533
700 1 _aPeña González, Altagracia Milagros
_983534
710 1 _aRepública Dominicana.
_b Secretaria de Estado de Salud Pública y Asistencia Social (2001)
_956549
942 _2ddc
_cLBS1
999 _c53766
_d53766